000 00690nam a2200253Ia 4500
001 2535
005 20240113233545.0
007 ta
008 050226s1965 a g b000 u eng u
040 _aCotton College,Assam
041 _aeng
082 _a722.41
_bB 814 In
100 _aBrown, Percy .
245 0 _aIndian architecture: Buddhist and Hindu Periods /
_cPercy Brown.
_hTextual Documents
250 _a1st ed. /
260 _aBombay :
_bD. B. Taraporevala sons & co ,
_c1965.
300 _a216p. :
_bill ;
_c29cm .
653 _aArchitecture-India
653 _aG-Technology
942 _2ddc
_cBK
999 _c2528
_d2528